000 00928nam a2200253Ia 4500
003 OSt
005 20220930194658.0
006 a|||||r|||| 00| 0
007 ta
008 220926b |||||||| |||| 00| 0 eng d
024 _a13068
037 _cDissertations
040 _aCRL
_cCRL
_beng
041 _2eng
_aeng
100 _aVardhan Madhur Sarin
_9563480
110 _aUniversity of Delhi. Faculty of Inter-Disciplinary and Applied Sciences. Department of Microbiology
_9522371
245 0 _aStudy of methicillin resistant staphylococcus aureus (MRSA) in a teaching hospital of East Delhi
260 _c1996
650 _aMICROBIOLOGY
700 _a Dr D S Agarwal Supervisor
_9520881
700 _aUniversity of Delhi. Faculty of Inter-Disciplinary and Applied Sciences. Department of Microbiology
_9522372
942 _cDIS
_2CC
999 _c898005
_d898005